[Event "Ruhrgebiet Verbandsklasse Gruppe 1 1415"]
[Site "Germany"]
[Date "2015.04.26"]
[Round "9.1"]
[White "Breidenbach, Rolf"]
[Black "Viebahn, Dirk"]
[Result "0-1"]
[WhiteElo "1887"]
[BlackElo "2124"]
[PlyCount "88"]
[EventDate "2014.09.21"]
[EventType "team-tourn"]
[EventRounds "9"]
[EventCountry "GER"]
[SourceTitle "EXT 2022"]
[Source "ChessBase"]
[SourceDate "2021.10.06"]
[SourceVersion "1"]
[SourceVersionDate "2021.10.06"]
[SourceQuality "1"]
[WhiteTeam "Waltrop SV"]
[BlackTeam "Muelheim SC"]
[WhiteTeamCountry "GER"]
[BlackTeamCountry "GER"]

1. d4 Nf6 2. Nf3 g6 3. Bf4 Bg7 4. e3 0-0 5. c3 d6 6. Bc4 Nc6 7. Nbd2 Nd7 8. h4 Nb6 9. h5 Nxc4 10. Nxc4 b5 11. Na3 e5 12. Bg5 Qd7 13. hxg6 fxg6 14. Qb3+ Qf7 15. Qxf7+ Rxf7 16. d5 b4 17. Nc2 e4 18. Nfd4 Ne5 19. 0-0 bxc3 20. bxc3 Ba6 21. Rfd1 Bc4 22. Nb4 a5 23. Nbc6 Nd3 24. Rd2 h6 25. Bh4 g5 26. Bg3 Bxd5 27. Rb1 Bxc6 28. Nxc6 Bxc3 29. Rc2 Bg7 30. a4 Nc5 31. Rc4 h5 32. Rb5 h4 33. Bh2 Raf8 34. Rc2 g4 35. Bf4 Nxa4 36. Rg5 g3 37. fxg3 hxg3 38. Nxa5 Nc5 39. Rxg3 Ra8 40. Nc6 Ra1+ 41. Kh2 Ne6 42. Bh6 Rff1 43. Rxg7+ Nxg7 44. Bxg7 Rac1 0-1

[Event "Ruhrgebiet Verbandsklasse Gruppe 1 1415"]
[Site "Germany"]
[Date "2015.03.29"]
[Round "8.1"]
[White "Doering, Carsten"]
[Black "Breidenbach, Rolf"]
[Result "1-0"]
[WhiteElo "1955"]
[BlackElo "1928"]
[PlyCount "87"]
[EventDate "2014.09.21"]
[EventType "team-tourn"]
[EventRounds "9"]
[EventCountry "GER"]
[SourceTitle "EXT 2022"]
[Source "ChessBase"]
[SourceDate "2021.10.06"]
[SourceVersion "1"]
[SourceVersionDate "2021.10.06"]
[SourceQuality "1"]
[WhiteTeam "Hervest Dorsten"]
[BlackTeam "Waltrop SV"]
[WhiteTeamCountry "GER"]
[BlackTeamCountry "GER"]

1. d4 g6 2. c4 Bg7 3. Nc3 c5 4. d5 d6 5. e4 a6 6. Be3 e5 7. Bd3 Ne7 8. Qd2 h6 9. f3 Nd7 10. g4 Nf6 11. Nge2 Bd7 12. Ng3 Rb8 13. a4 Qa5 14. Ra3 Nc8 15. Qc2 Qd8 16. a5 Na7 17. 0-0 0-0 18. Rb1 b5 19. axb6 Rxb6 20. b4 cxb4 21. Rab3 a5 22. Qf2 Nc8 23. Bxb6 Nxb6 24. Ra1 Nc8 25. Na4 Nh7 26. c5 Ng5 27. Kg2 dxc5 28. Nxc5 f5 29. Nxd7 Qxd7 30. gxf5 gxf5 31. Nxf5 Rxf5 32. exf5 e4 33. Rxa5 exd3 34. Rxd3 Qxf5 35. Qe3 Nd6 36. Ra8+ Kh7 37. Ra7 Ndf7 38. d6 Be5 39. Rxf7+ Nxf7 40. d7 Ng5 41. d8Q Qh3+ 42. Kf2 Qxh2+ 43. Ke1 Qh1+ 44. Ke2 1-0

[Event "Ruhrgebiet VK1 1213"]
[Site "Nordrheinwestfalen"]
[Date "2012.09.02"]
[Round "1.1"]
[White "Breidenbach, Rolf"]
[Black "Achenbach, Manfred"]
[Result "0-1"]
[WhiteElo "1952"]
[BlackElo "2000"]
[PlyCount "76"]
[EventDate "2012.09.02"]
[EventType "team-tourn"]
[EventRounds "9"]
[EventCountry "GER"]
[SourceTitle "EXT 2020"]
[Source "ChessBase"]
[SourceDate "2019.10.17"]
[SourceVersion "1"]
[SourceVersionDate "2019.10.17"]
[SourceQuality "1"]
[WhiteTeam "Waltrop SV"]
[BlackTeam "Muelheim SC"]
[WhiteTeamCountry "GER"]
[BlackTeamCountry "GER"]

1. d4 c5 2. Nf3 cxd4 3. Nxd4 Nc6 4. Nxc6 bxc6 5. g3 g6 6. Bd2 Bg7 7. Bc3 Nf6 8. Bg2 0-0 9. 0-0 d5 10. Re1 Qc7 11. Nd2 e5 12. b3 Re8 13. e3 Bg4 14. Qc1 c5 15. Bb2 Rad8 16. h3 Be6 17. c3 h5 18. e4 Bh6 19. Qc2 dxe4 20. Nxe4 Nxe4 21. Qxe4 Bf5 22. Qh4 Bd2 23. Re2 Bh6 24. Be4 Qd7 25. c4 Bxe4 26. Rxe4 f5 27. Rxe5 Rxe5 28. Bxe5 Re8 29. Qf6 Kh7 30. f4 Rxe5 31. fxe5 Qd4+ 32. Kg2 Qb2+ 33. Kf3 Qxa1 34. Qf7+ Bg7 35. e6 Qf1+ 36. Ke3 Kh6 37. e7 Qe1+ 38. Kd3 Qd1+ 0-1